[Event "Wch U20 43rd"]
[Site "Cochin"]
[Date "2004.11.29"]
[Round "12"]
[White "Raghuram Balaji, CV."]
[Black "Ashwin, Jayaram"]
[Result "1/2-1/2"]
[WhiteElo "2043"]
[BlackElo "2160"]
[PlyCount "129"]
[EventDate "2004.11.20"]
[EventType "swiss"]
[EventRounds "13"]
[EventCountry "IND"]
[SourceTitle "CBM 103 Extra"]
[Source "ChessBase"]
[SourceDate "2005.01.01"]
[SourceVersion "1"]
[SourceVersionDate "2005.01.01"]
[SourceQuality "1"]

1. d4 Nf6 2. c4 g6 3. Nf3 Bg7 4. Nc3 d5 5. e3 0-0 6. Bd3 c5 7. cxd5 cxd4 8. exd4 Nxd5 9. 0-0 Nc6 10. Be4 Be6 11. h3 Rc8 12. Ne2 Nf6 13. Bxc6 Rxc6 14. Ne5 Rd6 15. Bf4 Rb6 16. b3 Nd5 17. Bg3 Ra6 18. Qd2 Qb6 19. Rfc1 Rd8 20. Qb2 Qb5 21. Rc5 Qe8 22. Nf4 Nxf4 23. Bxf4 Rad6 24. Be3 Bd5 25. Rac1 f6 26. Nc4 Re6 27. Na3 a6 28. Nc2 b6 29. Rc7 a5 30. Ne1 Be4 31. Qc3 Kf7 32. Nd3 g5 33. Ne1 h6 34. f3 Bg6 35. Bf2 Qb5 36. Rc6 Rdd6 37. Rxd6 Rxd6 38. Qc4+ Qd5 39. Qxd5+ Rxd5 40. Rc6 b5 41. Nc2 Bxc2 42. Rxc2 f5 43. Rc6 b4 44. Ra6 e5 45. Ra7+ Kg6 46. dxe5 Rd1+ 47. Kh2 Bxe5+ 48. Bg3 Bxg3+ 49. Kxg3 f4+ 50. Kh2 Rd5 51. Ra6+ Kh5 52. g4+ fxg3+ 53. Kxg3 Rc5 54. Ra7 Rd5 55. Ra6 Rf5 56. Re6 Rd5 57. Ra6 Re5 58. Ra7 Rc5 59. Ra6 Rd5 60. Ra7 Kg6 61. Ra6+ Kg7 62. Kg4 Rd4+ 63. Kg3 Rd5 64. Kg4 Rd4+ 65. Kg3 1/2-1/2

[Event "Wch U20 43rd"]
[Site "Cochin"]
[Date "2004.11.22"]
[Round "5"]
[White "Raghuram Balaji, CV."]
[Black "Barbosa, Oliver"]
[Result "0-1"]
[WhiteElo "2043"]
[BlackElo "2311"]
[PlyCount "86"]
[EventDate "2004.11.20"]
[EventType "swiss"]
[EventRounds "13"]
[EventCountry "IND"]
[SourceTitle "CBM 103 Extra"]
[Source "ChessBase"]
[SourceDate "2005.01.01"]
[SourceVersion "1"]
[SourceVersionDate "2005.01.01"]
[SourceQuality "1"]

1. d4 Nf6 2. Nf3 e6 3. g3 b6 4. Bg2 Bb7 5. 0-0 c5 6. dxc5 bxc5 7. c4 Be7 8. Nc3 0-0 9. Bg5 d6 10. Ne1 Bxg2 11. Nxg2 Nbd7 12. e4 h6 13. Be3 Ne5 14. Qe2 Rb8 15. f4 Nc6 16. Rfd1 Qb6 17. Rab1 Rfd8 18. h3 Ne8 19. Qf2 Qb4 20. Qf1 Na5 21. f5 Nxc4 22. a3 Qb3 23. Qe1 Ne5 24. Kh1 Qb7 25. Bf4 Bf6 26. fxe6 fxe6 27. Qf2 Qf7 28. Rf1 Qh5 29. h4 Qg4 30. Kh2 Qg6 31. Kh1 Ng4 32. Qe2 Bxc3 33. bxc3 Rxb1 34. Rxb1 Qxe4 35. Qxg4 Qxb1+ 36. Kh2 Qf5 37. Qd1 Nf6 38. Ne3 Qe4 39. Ng2 d5 40. Kh1 d4 41. cxd4 cxd4 42. Qc1 Ng4 43. Bd2 Rf8 0-1

[Event "Wch U20 43rd"]
[Site "Cochin"]
[Date "2004.11.21"]
[Round "4"]
[White "Smerdon, David"]
[Black "Raghuram Balaji, CV."]
[Result "1-0"]
[WhiteElo "2425"]
[BlackElo "2043"]
[PlyCount "87"]
[EventDate "2004.11.20"]
[EventType "swiss"]
[EventRounds "13"]
[EventCountry "IND"]
[SourceTitle "CBM 103 Extra"]
[Source "ChessBase"]
[SourceDate "2005.01.01"]
[SourceVersion "1"]
[SourceVersionDate "2005.01.01"]
[SourceQuality "1"]

1. e4 c6 2. c4 d5 3. exd5 cxd5 4. cxd5 Nf6 5. Bb5+ Nbd7 6. Nc3 a6 7. Qa4 g6 8. Nf3 Bg7 9. 0-0 0-0 10. Bxd7 Nxd7 11. d4 b5 12. Qb3 Nb6 13. a4 bxa4 14. Nxa4 Nxd5 15. Nc5 Qd6 16. Ne4 Qd8 17. Ne5 Bf5 18. Nc6 Qe8 19. Qxd5 e6 20. Qc5 Bxe4 21. Ne7+ Kh8 22. Re1 Bb7 23. d5 exd5 24. Nxg6+ fxg6 25. Rxe8 Raxe8 26. Be3 Kg8 27. Rd1 Rf7 28. b3 Rfe7 29. h3 Be5 30. Bd4 Bf4 31. Bc3 Bb8 32. h4 Re4 33. Qb6 d4 34. f3 dxc3 35. fxe4 c2 36. Rc1 Bxe4 37. Qxa6 Kg7 38. Qc4 Bf5 39. g4 Ba7+ 40. Kf1 Rd8 41. Qc7+ Rd7 42. Rxc2 Rxc7 43. Rxc7+ Kf8 44. gxf5 1-0

[Event "Wch U20 43rd"]
[Site "Cochin"]
[Date "2004.11.20"]
[Round "1"]
[White "Perdomo, Leandro Daniel"]
[Black "Raghuram Balaji, CV."]
[Result "1-0"]
[WhiteElo "2312"]
[BlackElo "2043"]
[PlyCount "47"]
[EventDate "2004.11.20"]
[EventType "swiss"]
[EventRounds "13"]
[EventCountry "IND"]
[SourceTitle "CBM 103 Extra"]
[Source "ChessBase"]
[SourceDate "2005.01.01"]
[SourceVersion "1"]
[SourceVersionDate "2005.01.01"]
[SourceQuality "1"]

1. d4 d5 2. c4 c6 3. Nf3 Nf6 4. e3 e6 5. Bd3 Nbd7 6. Nbd2 Bd6 7. e4 dxe4 8. Nxe4 Nxe4 9. Bxe4 Nf6 10. Bc2 0-0 11. 0-0 c5 12. Bg5 h6 13. Bh4 Be7 14. Qd3 g6 15. Ne5 Qe8 16. dxc5 Nd7 17. Nxd7 Bxd7 18. Bxe7 Qxe7 19. Qd6 Qe8 20. Be4 Qc8 21. b4 a6 22. Rad1 Rd8 23. Qb6 Rb8 24. Rd6 1-0